| 000 | 00699nam a22002177a 4500 | ||
|---|---|---|---|
| 005 | 20150526104548.0 | ||
| 008 | 140714b xxu||||| |||| 00| 0 Urdu d | ||
| 010 | _aUR-8971 | ||
| 020 |
_c100.00 _a8187944846 |
||
| 035 | _aU-7526 | ||
| 037 | _bBPPD/Pub/Ven | ||
| 040 |
_aDPL _bUrdu |
||
| 082 | _a 841 | ||
| 100 | _aطہو ر منصو ر ی نگا ہ | ||
| 245 |
_aطلسمو ن کے چر ا غ _cطہو ر منصو ر ی نگا ہ |
||
| 246 | h |
_aTilsmon ke Chiragh _bBy Tahoor Mansoori Nigah |
|
| 260 |
_bMalik Book Depot _c2012 _aDelhi |
||
| 270 |
_a3212,Turakman Gate, _bDelhi _k9981827660 _e110006 |
||
| 300 |
_a112ص _c22Cm (Hb) |
||
| 942 |
_2ddc _cUR _e _h 841 _mط ہ و |
||
| 999 |
_c93927 _d93927 |
||